Normal view
MARC view
- Qurʼan
Entry Uniform Title
001 - CONTROL NUMBER
- control field: 3222
003 - CONTROL NUMBER IDENTIFIER
- control field: NUST
005 - DATE AND TIME OF LATEST TRANSACTION
- control field: 20170711124603.0
008 - FIXED-LENGTH DATA ELEMENTS
- fixed length control field: 170711|| aca||aabn | a|a d
040 ## - CATALOGING SOURCE
- Original cataloging agency: NUST
- Transcribing agency: NUST
130 ## - HEADING--UNIFORM TITLE
- Uniform title: Qurʼan
- General subdivision: In literature.
670 ## - SOURCE DATA FOUND
- Source citation: Work cat.: (NUST)0: G̲h̲ulām Muṣt̤afá K̲h̲ān̲. 3221, Iqbāl aur Qurʼān /, 1988.
